000 01404nam2a22002651 4500
001 rc\3685387
005 20250610061530.0
021 _aRU
_b71-73542
021 _aRU
_bРг16252-72
035 _a(NLR Aleph) 007753801
090 _a7291960
_c7291960
100 _a20130115d1971 |||y0rusy50 ca
101 0 _arus
102 _aRU
105 _aa c |||||
200 1 _aМетодические указания и дополнительный материал по курсу "Системы термостабилизации РЭА"
210 _d1971
_aБ. м.
215 _a227 с.
_cил.
320 _aБиблиогр.: с. 222-224
461 0 _1001rc\3685386
_12001#$aЗащита радиоэлектронной аппаратуры от тепловых воздействий$eЧ. 4-$fИн-т повышения квалификации руководящих работников и специалистов$vЧ. 4
_1700#1$aКеймах$bМ.Я.
_97291954
_aКеймах, М.Я.
_cМосква
_d1971
_fИн-т повышения квалификации руководящих работников и специалистов
_nСов. радио
_oЧ. 4-
_tЗащита радиоэлектронной аппаратуры от тепловых воздействий
_vЧ. 4
801 0 _aRU
_bNLR
_gpsbo
801 1 _aRU
_bELAR
_2rusmarc
852 _aNLR
_j72-5/3442
942 _cBOOK
980 _aNB